| 000 | 00628cam a2200205 4500500 | ||
|---|---|---|---|
| 005 | 20260405003138.0 | ||
| 041 | _afre | ||
| 042 | _adc | ||
| 100 | 1 | 0 |
_aErhard, Dominik _eauthor |
| 245 | 0 | 0 | _aRutger Bregman. Et si nous étions fondamentalement bons ? |
| 260 | _c2020. | ||
| 500 | _a47 | ||
| 690 | _aBienveillance | ||
| 690 | _aCoopération | ||
| 690 | _aHobbes | ||
| 690 | _aRousseau | ||
| 690 | _aRutger Bregman | ||
| 786 | 0 | _nPhilosophie magazine | 143 | 10 | 2020-10-01 | p. 21-25 | 1951-1787 | |
| 856 | 4 | 1 | _uhttps://shs.cairn.info/magazine-philosophie-magazine-2020-10-page-21?lang=fr&redirect-ssocas=7080 |
| 999 |
_c2064786 _d2064786 |
||